| 000 | 00868nam a2200253Ia 4500 | ||
|---|---|---|---|
| 003 | OSt | ||
| 005 | 20220923215138.0 | ||
| 006 | a|||||r|||| 00| 0 | ||
| 007 | ta | ||
| 008 | 220922b |||||||| |||| 00| 0 hin d | ||
| 024 | _a175,982 | ||
| 037 | _cTextual | ||
| 040 |
_aARTS _cARTS _bhin |
||
| 041 |
_2hin _ahin |
||
| 082 | _aO152,1xN7, L9 | ||
| 100 |
_aज्ञानरंजन, संपा. _9156263 |
||
| 245 | 0 |
_aइस नवान्न मे _b समकालीन कविता का संकलन |
|
| 246 | _aIs navānna me: samakālīn kavitā kā sankalana | ||
| 260 |
_aजबलपुर _b पाहल _c1979 |
||
| 300 |
_a239 पृ. _ccm. |
||
| 650 |
_aहिन्दी साहित्य _9156264 |
||
| 942 |
_hO152,1xN7, L9 _cTEXL _2CC |
||
| 999 |
_c329658 _d329658 |
||